Statistics for Fursuit Dance Competitions

Click here to take the quiz!

General Stats

  • This quiz has been taken 4 times
    (2 since last reset)
  • The average score is 16 of 58

Answer Stats

Competition Answer % Correct
MFF 2011 3rd; AC 2012 3rd; MFF 2012 3rd; FWA 2013 1st; MFF 2013 (veteran) 2ndDoryuu
100%
FWA 2009 2nd; FWA 2010 2nd; FWA 2011 1st; AC 2011 3rd; MFF 2015 (veteran) 3rdMangusu
100%
MFF 2015 (veteran) 2nd; FWA 2016 (solo) 3rdStrobes
100%
AC 2014 (group) 2ndGale and Fenrir
100%
FWA 2008 1stFoxglove
50%
AC 2008 2ndDex
50%
AC 2011 2nd; MFF 2011 2nd; AC 2012 2nd; MFF 2012 1st; MFF 2014 (veteran) 2ndRonnie
50%
AC 2014 (veteran) 3rdRey Rey
50%
AC 2015 (novice) 1stT
50%
MFF 2012 2ndAtsu and Ikato
50%
MFF 2013 (novice) 2ndSnowy
50%
MFF 2013 (novice) 1stShyybunny
50%
FWA 2015 (group) 2ndSparky and Marco
50%
MFF 2013 (novice) 3rdBemani
50%
MFF 2014 (group) 2ndSparky and Aoi
50%
MFF 2015 (novice) 3rdKar
50%
FWA 2016 (group) 1stJD Puppy and Shyybunny
50%
FWA 2016 (group) 2ndSparky and Alexanderr
50%
AC 2008 1stJD Puppy
50%
FWA 2016 (group) 3rdBemani and Kar
50%
AC 2010 3rd; FWA 2011 2nd~V~
50%
FWA 2014 (solo) 1st; AC 2014 (veteran) 2ndFlinch
50%
FWA 2014 (group) 2ndSparky and Step
50%
FWA 2010 1st; AC 2010 2nd; FWA 2012 3rdSkroy
50%
AC 2012 1st; FWA 2014 (solo) 2nd; FWA 2015 (solo) 3rd; FWA 2016 (solo) 1stAtsu Fawx
50%
MFF 2013 (veteran) 1st; FWA 2014 (group) 1st; AC 2014 (group) 1st; MFF 2015 (group) 1stThe Furternity
50%
FWA 2011 3rdTicer
50%
FWA 2015 (solo) 2ndDark
0%
MFF 2014 (novice) 1stLeone
0%
MFF 2014 (novice) 2ndMex
0%
MFF 2014 (novice) 3rdApollus
0%
MFF 2015 (novice) 2ndAlflor
0%
MFF 2014 (group) 3rdUptown Funk
0%
MFF 2015 (novice) 1stRoskey
0%
FWA 2010 3rdMedia
0%
MFF 2015 (veteran) 1stKiyo
0%
FWA 2016 (solo) 2ndDox
0%
FWA 2009 3rdTheome
0%
FWA 2008 3rdDuke
0%
MFF 2013 (veteran) 3rdKyowe
0%
FWA 2013 2nd; AC 2013 2nd; AC 2015 (veteran) 1stSadie
0%
MFF 2011 1st; FWA 2012 1stKwik
0%
AC 2014 (novice) 1st; AC 2015 (veteran) 2ndKotto
0%
AC 2013 3rd; FWA 2015 (solo) 1stZoomba
0%
FWA 2015 (group) 3rdFur World Order
0%
FWA 2014 (group) 3rdTy Fusky and Zoomba
0%
AC 2009 2ndRecca
0%
AC 2011 1stMozee
0%
FWA 2008 2nd; FWA 2009 1stNeo PanTyger
0%
AC 2014 (novice) 2ndMyke
0%
AC 2009 1st; AC 2010 1st; FWA 2012 2nd; FWA 2013 3rdPhor
0%
AC 2014 (novice) 3rd; AC 2015 (veteran) 3rdMojito
0%
AC 2014 (veteran) 1stTayerr
0%
FWA 2014 (solo) 3rd; MFF 2014 (veteran) 1stGerman Skrat
0%
AC 2015 (novice) 2ndAlex
0%
AC 2015 (novice) 3rdNero
0%
MFF 2014 (group) 1st; FWA 2015 (group) 1st; MFF 2015 (group) 2ndFURReal
0%
AC 2013 1st; MFF 2014 (veteran) 3rdSkye
0%

Score Distribution

Percentile by Number Answered

Percent of People with Each Score

Your Score History

You have not taken this quiz since the last reset